Guess the nations in Europe on the eve of WW1 based on hints - Statistics

General Stats
  • This quiz has been taken 10 times
  • The average score is 5 of 21
Answer Stats
Hint Answer % Correct
Officially known as the "Kingdoms and Lands Represented in the Imperial Council" Austrian Empire
67%
ok look I got nothing, the answer here is literally "Kingdom of Montenegro." Place is so boring I couldn't find anything interesting about it. Kingdom of Montenegro
56%
Luxembourg. Only here because my friends would cry because Luxembourg was in the war. Luxembourg
56%
A 10sqkm triangle in Africa was the only territory this nation gained for participating in the war. Portuguese Republic
56%
By the start of the war, had a standing army size of 1.4 Million soldiers, and a first line reserve force of 2.8 Million, by far the largest army in history at the time. Russian Empire
56%
Carol I accepted this nation's first ever constitution Kingdom of Romania
44%
Despite being allowed only occupied, this land was still annexed in 1908. Condominium of Bosnia and Herzegovina
22%
Officially known as the "Lands of the Crown of Saint Stephen" Kingdom of Hungary
22%
Of all European colonial powers, this one has the least amount of colonies, only having 3 colonies. Kingdom of Italy
22%
The strongest earthquake in European history happened to this nation. Completely destroying 2 major cities. Kingdom of Italy
22%
The host country of "Unification or Death" Kingdom of Serbia
22%
The government just cant have things called "stability" and "unity" French Republic
11%
Nikolai was the last Governer-General of this State Grand Duchy of Finland
11%
Queen Zita of Austria's brother joined this nation's army in 1914 which started a round of Negotiations between France and Austria Kingdom of Belgium
11%
The war saw this kingdom's gold reserves spike MASSIVELY, yet with no wage increases, causing widespread revolt, and mass famine due to it being more profitable to sell crops to other nations. Kingdom of Spain
11%
Throughout its time in the war, this nation mobilized about 1.2 Million soldiers, with a population of 4.2 million people when it joined, which means 28% of this nations population joined the army during the war. Tsardom of Bulgaria
11%
Greek State established after the First Balkan War. Autonomous Republic of Northern Epirus
0%
In just 43 years, this empire went from 41 Million to 67 Million, a 38.8% population growth. German Reich
0%
This nation was to be split by Serbia, Italy, and made in Italian protectorate. Principality of Albania
0%
The Three Pasha's Sublime Ottoman State
0%
This nation fooled Germany mostly to sign a land transfer agreement to the disadvantage of Germany. United Kingdom of Great Britain and Ireland
0%
No matching quizzes found
Score Distribution
Percent of People with Each Score
Percentile by Number Answered
Your Score History
You have not taken this quiz